000 00296nam a22001337a 4500
008 171213b xxu||||| |||| 00| 0 eng d
020 _a9781121075269
041 _aeng
080 _a339.138
100 _a61
101 _aMAR
245 _aINTERNATIONAL MARKETING
_cYEOH.P.L
942 _2udc
_cBK
999 _c38879
_d38879